Arrondissements de Paris par Numéro (Click Map) - Statistiques

Statistiques générales
  • Ce quiz a été pris 932 fois
  • Le résultat moyen est 9 sur 20
Réponses sur la Carte
Les réponses sont colorées sur une échelle allant du rouge au vert en fonction du pourcentage des utilisateurs qui les ont devinées à leur premier essai. Vous pouvez retrouver ces pourcentages ci-dessous.
 
Statistiques - réponses
Réponse % Correct
14
54%
16
54%
15
53%
18
53%
17
51%
1
50%
19
50%
12
46%
13
46%
20
46%
5
45%
6
45%
7
45%
10
44%
2
43%
3
42%
8
42%
9
40%
11
38%
4
37%
Aucun quiz correspondant
Distribution des résultats
% des personnes avec chaque résultat
Percentile par nombre de réponses
Votre historique - résultats
Vous n’avez pas pris ce quiz